000 00205nam a22000857a 4500
008 170527b xxu||||| |||| 00| 0 eng d
100 _93152
_aParth.C.B.
245 _aArt Cradle-6
260 _aNew Delhi
_bPCB
_c2007
999 _c6444
_d6444